000 00510nam a2200205 a 4500
001 51187
003 AR-BaAGN
005 20231117101143.0
007 ta
008 s1908 ag |||||r|||| ||| ||spa d
040 _aAR-BaAGN
_bspa
_eaacr
100 1 _aUgarte, Manuel,
_d1875-1951
_94975
245 1 0 _aIdeas del siglo /
_cManuel Ugarte.
260 _aSanta Fe :
_bÉxito,
_c1908.
300 _a18 páginas
336 _btxt
_2rdacontent
337 _bn
_2rdamedia
338 _bnc
_2rdacarrier
942 _cLIBRO
999 _c51187
_d51187